Sindrome cardiometabólico

Bibliographic Details
Format: Electronic Journal
Language:Spanish
English
Published: Caracas, Venezuela : Sociedad Latinoamericana de Hipertension, 2011-
Subjects:
Online Access:Full text available from Research Library: 01/01/2011 to present

MARC

LEADER 00000nas a2200000 i 4500
001 ssj0001077929
003 WaSeSS
005 20200512172242.0
006 m d
007 cr n
008 140108u2011uuuuve t| p|s|||||| |0spa d
035 |a (WaSeSS)ssj0001077929 
040 |a WaSeSS  |b eng  |c WaSeSS  |d WaSeSS 
041 |a spa  |a eng 
050 1 4 |a RC662.4 
245 0 0 |a Sindrome cardiometabólico  |h [electronic resource]. 
260 |a Caracas, Venezuela :  |b Sociedad Latinoamericana de Hipertension,  |c 2011- 
310 |a Three times a year 
362 1 |a Began with Volume I, Number 1 (2011). 
506 |a License restrictions may limit access. 
546 |a In Spanish and English. 
588 |a Description based on: Volumen I, Number 1 (2011); title from article pdf (ProQuest, viewed Jan. 8, 2014). 
588 |a Latest issue consulted: Volumen II, Number 2 (2012) (viewed Jan. 8, 2014). 
650 0 |a Metabolic syndrome  |v Periodicals. 
655 0 |a Electronic journals. 
776 0 8 |i Print version:  |t Sindrome cardiometabólico  |x 2244-7261 
856 4 0 |z Full text available from Research Library: 01/01/2011 to present  |u https://search.proquest.com/publication/1216404